<?xml version="1.0" encoding="UTF-8"?>
<collection xmlns="http://www.loc.gov/MARC21/slim">
 <record>
  <leader>01007naa a2200229 i 4500</leader>
  <controlfield tag="001">acta44806</controlfield>
  <controlfield tag="005">20220127132310.0</controlfield>
  <controlfield tag="008">170608s1973    hu      o     0||   hun d</controlfield>
  <datafield tag="022" ind1=" " ind2=" ">
   <subfield code="a">0139-4118</subfield>
  </datafield>
  <datafield tag="040" ind1=" " ind2=" ">
   <subfield code="a">SZTE Egyetemi Kiadványok Repozitórium</subfield>
   <subfield code="b">hun</subfield>
  </datafield>
  <datafield tag="041" ind1=" " ind2=" ">
   <subfield code="a">hun</subfield>
  </datafield>
  <datafield tag="100" ind1="1" ind2=" ">
   <subfield code="a">Török Iván</subfield>
  </datafield>
  <datafield tag="245" ind1="1" ind2="2">
   <subfield code="a">A meggyőzés és a személyiség szabadsága az andragógiában</subfield>
   <subfield code="h">[elektronikus dokumentum] /</subfield>
   <subfield code="c"> Török Iván</subfield>
  </datafield>
  <datafield tag="260" ind1=" " ind2=" ">
   <subfield code="c">1973</subfield>
  </datafield>
  <datafield tag="300" ind1=" " ind2=" ">
   <subfield code="a">243-264</subfield>
  </datafield>
  <datafield tag="490" ind1="0" ind2=" ">
   <subfield code="a">Szegedi Nyári Egyetem : művelődéselmélet</subfield>
   <subfield code="v">2</subfield>
  </datafield>
  <datafield tag="490" ind1="0" ind2=" ">
   <subfield code="a">Andragógia - felnőttoktatás : összeállítás a TIT Szegedi Művelődéselméleti Nyári Egyetemén elhangzott előadásokból</subfield>
   <subfield code="v">2</subfield>
  </datafield>
  <datafield tag="650" ind1=" " ind2="4">
   <subfield code="a">Társadalomtudományok</subfield>
  </datafield>
  <datafield tag="650" ind1=" " ind2="4">
   <subfield code="a">Oktatástudomány</subfield>
  </datafield>
  <datafield tag="695" ind1=" " ind2=" ">
   <subfield code="a">Felnőttoktatás - pszichológia - Magyarország - 1970-es évek</subfield>
  </datafield>
  <datafield tag="710" ind1=" " ind2=" ">
   <subfield code="a">TIT Szegedi Művelődéselméleti Nyári Egyetem (2.) (1973) (Szeged)</subfield>
  </datafield>
  <datafield tag="856" ind1="4" ind2="0">
   <subfield code="u">http://acta.bibl.u-szeged.hu/44806/1/sznye_muveledoselmelet_002_243-264.pdf</subfield>
   <subfield code="z">Dokumentum-elérés </subfield>
  </datafield>
 </record>
</collection>
